Fermentation lactique - Statistiques

Statistiques générales
  • Ce quiz a été pris 39 fois
  • Le résultat moyen est 3 sur 5
Statistiques - réponses
Type de quiz Molécule % Correct
Mol Lactate
90%
Mol Pyruvate
81%
Autre NAD+
67%
Autre NADH + H+
57%
Enz Lactate déshydrogénase
43%
Aucun quiz correspondant
Distribution des résultats
% des personnes avec chaque résultat
Percentile par nombre de réponses
Votre historique - résultats
Vous n’avez pas pris ce quiz